Randy Savage's opponents - Statistics

General Stats
  • This quiz has been taken 431 times
    271 since last reset
  • The average score is 73 of 152
Answer Stats
Answer % Correct
Dean Ho
96%
Hulk Hogan
96%
Lex Luger
95%
Ricky "The Dragon" Steamboat
95%
Bret "Hitman" Hart
93%
Jake "The Snake" Roberts
93%
Ric Flair
93%
"Million Dollar Man" Ted Dibiase
91%
Razor Ramon
91%
Kevin Nash
89%
Big Bossman
88%
Sting
88%
The Ultimate Warrior
88%
Tito Santana
88%
Chris Benoit
86%
The Undertaker
86%
Arn Anderson
84%
Brutus Beefcake
82%
Curt Hennig
82%
Greg "The Hammer" Valentine
82%
Haku
82%
Jim Neidhart
82%
Rick Rude
82%
The Honkytonk Man
82%
Andre the Giant
81%
Crush
81%
"Diamond" Dallas Page
81%
Dusty Rhodes
81%
Rick Martel
81%
Yokozuna
81%
Dustin Rhodes
79%
George "The Animal" Steele
79%
One Man Gang
79%
The Barbarian
79%
Virgil
79%
"Rowdy" Roddy Piper
77%
Jerry "The King" Lawler
75%
Shawn Michaels
75%
Bam Bam Bigelow
74%
"Hacksaw" Jim Duggan
74%
Scott Steiner
72%
Steve Austin
72%
Booker T
70%
Hercules
70%
King Kong Bundy
70%
Rick Steiner
70%
Sgt. Slaughter
70%
Butch Reed
68%
Harley Race
68%
Kamala
68%
The Giant
68%
Bad News Brown
67%
Paul Orndorff
67%
"Superfly" Jimmy Snuka
67%
David Von Erich
65%
Nikolai Volkoff
63%
Irwin R. Shyster
61%
Junkyard Dog
61%
Koko B. Ware
61%
Bruno Sammartino
60%
"Cowboy" Bob Orton
60%
Kevin Sullivan
60%
Lanny Poffo
60%
Paul Roma
60%
The Mountie
58%
Jim Brunzell
56%
Jim Powers
56%
The Red Rooster
56%
B. Brian Blair
54%
Doink the Clown
54%
Ronnie Garvin
54%
Bob Backlund
53%
Dino Bravo
53%
Bobby Eaton
51%
Mike Graham
51%
Sid Vicious
51%
Danny Davis
49%
Avalanche
47%
Pedro Morales
47%
Raymond Rougeau
47%
Repo Man
47%
Adam Bomb
46%
Dynamite Kid
46%
Troy Martin
46%
Scott Norton
44%
Buff Bagwell
42%
Lord Steven Regal
42%
Tommy Rich
42%
Tony Atlas
42%
Billy Jack Haynes
40%
Barry Horowitz
39%
Bob Armstrong
39%
Dick Slater
39%
Chris Adams
35%
S.D. Jones
35%
Billy Kidman
33%
Fatu
33%
"Iron" Mike Sharpe
33%
Thunderbolt Patterson
33%
Dennis Rodman
32%
Larry Sharpe
32%
Sika
32%
Steve Lombardi
32%
Hugh Morrus
30%
Nick Bockwinkel
30%
Papa Shango
30%
Disco Inferno
28%
Giant Gonzales
28%
Stan Stasiak
28%
Scott Casey
25%
Chief Jay Strongbow
23%
Genichiro Tenryu
23%
Ivan Putski
23%
Tony Garea
23%
Austin Idol
21%
Dan Spivey
21%
Dutch Mantell
21%
Eddie Gilbert
21%
George Wells
21%
Killer Kahn
21%
Swede Hanson
21%
Tiger Chung Lee
18%
The Sheik
16%
Jushin "Thunder" Liger
14%
Mr. Hughes
14%
Sivi Afi
14%
Adrian Street
12%
Mr. Wrestling II
12%
Pez Whatley
12%
Tim Horner
12%
Bugsy McGraw
11%
Cpl. Kirchner
11%
Don Kernodle
11%
Hiroshi Tenzan
11%
Prince Iaukea
11%
Rick McGraw
11%
Stevie Richards
11%
Maxx
9%
Kurasawa
7%
Belfast Bruiser
5%
Bunkhouse Buck
4%
Conquistador Uno
4%
Jose Luis Rivera
4%
Evan Karagias
2%
George Takano
2%
Red Bastien
2%
Scott McGhee
2%
Bruiser Bedlam
0%
Tex Slazenger
0%
The Punisher
0%
Tony Stetson
0%
Ultimo Dragon
0%
No matching quizzes found
Score Distribution
Percent of People with Each Score
Percentile by Number Answered
Your Score History
You have not taken this quiz since the last reset